000
00199 a2200109 4500
020
_a
9780764141805
041
_a
spa
100
_a
Jennifer Moore
245
_a
Soy sorda
942
_c
BK
952
_7
1
999
_c
23176
_d
23176